00605 2200241 4500001002100000005001500021035002000036245005100056100001300107250000600120300003500126700001200161260003700173082001000210084001600220020002200236650002000258990001700278990001700295990001700312990001700329990001700346INLIS00000000000066920190125120033 a0010-01190001251 aBeternak Ikan koi /cAbu Ilya; Editor, Mustain0 aAbu Ilya a- avi, 58 hlm. :bilus. ;c21 cm.0 aMustain aSemarang :bCV Aneka Ilmu,c2009 a639.2 a639.2 ABU b a978-979-736-824-1 aPeternakan Ikan a02514/P/2018 a02515/P/2018 a02516/P/2018 a02741/P/2018 a02742/P/2018